Music Quiz

Random Music or Famous Quiz

Rock and Roll Groups Quiz Stats

Quiz not verified by Sporcle

Also try: Songs of 2006
Challenge
Share
Tweet
Embed
Score 0/67 Timer 10:00
0 Plays Today
Band Name % Correct
The BeatlesJohn Lennon
96.5%
The BeatlesPaul McCartney
95.1%
AerosmithSteven Tyler
93.7%
The Jimi Hendrix ExperienceJimi Hendrix
93%
Guns N' RosesAxl Rose
92.3%
The Rolling StonesMick Jagger
92.3%
The BeatlesGeorge Harrison
91.5%
The BeatlesRingo Starr
91.5%
Black SabbathOzzy Osbourne
90.8%
Guns N' RosesSlash
90.1%
The DoorsJim Morrison
88.7%
AC/DCAngus Young
88%
Led ZeppelinRobert Plant
88%
The Rolling StonesKeith Richards
88%
Led ZeppelinJimmy Page
85.9%
AerosmithJoe Perry
84.5%
Led ZeppelinJohn Paul Jones
84.5%
NirvanaKurt Cobain
83.8%
AC/DCMalcolm Young
79.6%
The RamonesJoey Ramone
79.6%
Led ZeppelinJohn Bonham
78.9%
The Rolling StonesBrian Jones
78.9%
AC/DCBon Scott
78.2%
The RamonesDee Dee Ramone
78.2%
The WhoPete Townshend
76.8%
The RamonesJohnny Ramone
76.1%
The WhoKeith Moon
74.6%
Pink Floyd*David Gilmour
72.5%
The WhoRoger Daltrey
71.8%
Pink FloydRoger Waters
71.1%
The RamonesTommy Ramone
71.1%
NirvanaDave Grohl
70.4%
The Ramones*Marky Ramone
69%
AC/DC*Brian Johnson
67.6%
Band Name % Correct
MetallicaLars Ulrich
66.2%
MetallicaJames Hetfield
63.4%
Black SabbathTony Iommi
62%
The Rolling StonesRonnie Wood
61.3%
The Rolling StonesCharlie Watts
59.9%
The WhoJohn Entwistle
57.7%
Smashing PumpkinsBilly Corgan
55.6%
Pink FloydSyd Barrett
53.5%
The DoorsRobby Krieger
51.4%
The DoorsRay Manzarek
51.4%
MetallicaKirk Hammett
51.4%
Guns N' RosesIzzy Stradlin
50%
Guns N' RosesDuff McKagan
47.2%
The Rolling StonesBill Wyman
45.1%
NirvanaKrist Novoselic
43%
MetallicaCliff Burton
42.3%
Guns N' RosesSteven Adler
41.5%
Black SabbathGeezer Butler
40.8%
The Jimi Hendrix ExperienceMitch Mitchell
40.8%
Pink FloydNick Mason
39.4%
The Rolling StonesMick Taylor
37.3%
AerosmithJoey Kramer
35.9%
Pink FloydRichard Wright
34.5%
Black SabbathBill Ward
33.8%
The DoorsJohn Densmore
33.8%
AerosmithTom Hamilton
31%
AC/DCPhil Rudd
30.3%
AerosmithBrad Whitford
28.9%
AC/DCCliff Williams
26.1%
The Jimi Hendrix ExperienceNoel Redding
26.1%
Smashing PumpkinsJames Iha
21.1%
Smashing PumpkinsJimmy Chamberlin
12.7%
Smashing PumpkinsD'arcy Wretzky
9.2%

You're not logged in!

Compare scores with friends on all Sporcle quizzes.
Sign Up with Email
OR
Log In

You Might Also Like...

Show Comments

Extras

Top Quizzes Today


Score Distribution

Your Account Isn't Verified!

In order to create a playlist on Sporcle, you need to verify the email address you used during registration. Go to your Sporcle Settings to finish the process.